Хорошие люди. Конвейер: роман, повесть

Detaylı Bibliyografya
Yazar: Коваленко Р. М. Римма Михайловна
Özet:Исключено из фонда НТБ ТПУ
Dil:Rusça
Baskı/Yayın Bilgisi: Москва, Профиздат, 1987
Materyal Türü: Kitap
KOHA link:https://koha.lib.tpu.ru/cgi-bin/koha/opac-detail.pl?biblionumber=141625

MARC

LEADER 00000nam0a2200000 4500
001 141625
005 20231031142509.0
035 |a (RuTPU)RU\TPU\book\153519 
090 |a 141625 
100 |a 20080822d1987 m y0rusy50 ca 
101 0 |a rus 
102 |a RU 
105 |a a z 000ay 
200 1 |a Хорошие люди. Конвейер  |e роман, повесть  |f Р. М. Коваленко 
210 |a Москва  |c Профиздат  |d 1987 
215 |a 416 с.  |c ил. 
333 |a Исключено из фонда НТБ ТПУ 
700 1 |a Коваленко  |b Р. М.  |g Римма Михайловна 
801 1 |a RU  |b 63413507  |c 20080822  |g PSBO 
801 2 |a RU  |b 63413507  |c 20220614  |g RCR 
942 |c BK